Animals in Space - Statistics

General Stats
  • This quiz has been taken 9 times
    6 since last reset
  • The average score is 11 of 58
Answer Stats
Year Class Order Scientific Name Species % Correct
1967 Mammals Primates Macaca leonina orMacaca nemestrina Pig-tailed macaque
100%
1949 Mammals Primates Macaca mulatta Rhesus macaque
100%
1963 Mammals Carnivorans Felis catus Cat
75%
1951 Mammals Carnivorans Canis familiaris Dog
75%
1972 Mammals Rodents Perognathus longimembris Little pocket mouse
75%
1960 Mammals Rodents Rattus sp. Rat
75%
1958 Mammals Primates Saimiri sp. Squirrel monkey
75%
1969 Mammals Primates Sapajus apella Tufted capuchin
75%
1959 Mammals Lagomorphs Oryctolagus cuniculus European rabbit(Domestic rabbit)
50%
1961 Mammals Rodents Cavia porcellus Guinea pig
50%
2003 Insects Hymenoptera Formicidae Ant
25%
1997 Branchiopoda Fairy shrimps Artemia franciscana Brine shrimp
25%
1990s Branchiopoda Fairy shrimps Artemia salina Brine shrimp
25%
2003 Insects Hymenoptera Xylocopa sp. Carpenter bee
25%
1961 Mammals Primates Pan troglodytes Chimpanzee
25%
1994 Ray-finned fish Cyprinid fish Carassius auratus Goldfish
25%
1985 Amphibians Salamanders Pleurodeles waltl Iberian ribbed newt
25%
1947 Insects Flies Drosophila melanogaster Lesser fruit fly
25%
1992 Insects Hymenoptera Vespa orientalis Oriental hornet
25%
1966 Insects Hymenoptera Apocrita sp. Parasitoid wasp
25%
2007 Insects Hymenoptera Pogonomyrmex californicus Red harvester ant
25%
2014 Insects Hymenoptera Tetramorium caespitum Red pavement ant
25%
1968 Reptiles Turtles Testudo horsfieldii Russian tortoise
25%
1982 Insects Hymenoptera Apis mellifera Western honey bee
25%
1992 Amphibians Frogs Xenopus laevis African clawed frog
0%
1970 Amphibians Frogs Lithobates catesbeianus American bullfrog
0%
1992 Ray-finned fish Cyprinid fish Cyprinus rubrofuscus Amur carp
0%
2007 Insects Blattodea ? Cockroach
0%
1991 True jellyfish Semaeostomeae Aurelia aurita Common jellyfish
0%
1998 Insects Orthoptera Grylloidea Cricket
0%
2003 Insects Lepidopterans Bombyx mori Domestic silk moth
0%
1973 Arachnids Spiders Araneus diadematus European garden spider
0%
2007 Arachnids Scorpions Hadogenes troglodytes Flat rock scorpion
0%
2005 Gastropods Stylommatophora Cornu aspersum Garden snail
0%
2011 Arachnids Spiders Nephila Golden silk orb-weaver
0%
1998 Ray-finned fish Toothcarps Xiphophorus hellerii Green swordtail
0%
2021 Cephalopods Bobtail squids Euprymna scolopes Hawaiian bobtail squid
0%
1982 Insects Flies Musca domestica Housefly
0%
1950 Mammals Rodents Mus musculus House mouse
0%
1994 Amphibians Salamanders Cynops pyrrhogaster Japanese fire-bellied newt
0%
1990 Birds Galliformes Coturnix japonica Japanese quail
0%
1994 Ray-finned fish Beloniformes Oryzias latipes Japanese rice fish
0%
1990 Amphibians Frogs Hyla japonica Japanese tree frog
0%
2006 Insects Lepidopterans Cydia saltitans Jumping bean moth
0%
1999 Insects Beetles Coccinellidae Ladybird
0%
2006 Insects Blattodea Gromphadorhina portentosa Madagascar hissing cockroach
0%
2014 Reptiles Squamates Phelsuma ornata Mauritius ornate day gecko
0%
2009 Insects Lepidopterans Danaus plexippus Monarch butterfly
0%
1973 Ray-finned fish Toothcarps Fundulus heteroclitus Mummichog
0%
1972 Secernentea Rhabditida Caenorhabditis elegans Nematode
0%
1998 Ray-finned fish Toadfish Opsanus tau Oyster toadfish
0%
1999 Insects Lepidopterans Vanessa cardui Painted lady
0%
2005 Gastropods Stylommatophora Helix lucorum Snail
0%
2005 Reptiles Squamates Chondrodactylus turneri Turner's thick-toed gecko
0%
1982 Insects Lepidopterans Anticarsia gemmatalis Velvetbean moth
0%
1968 Insects Flies Piophila sp. Wine fly
0%
1966 Insects Beetles Tenebrio molitor Yellow mealworm beetle
0%
1976 Ray-finned fish Cyprinid fish Danio rerio Zebrafish
0%
No matching quizzes found
Score Distribution
Percent of People with Each Score
Percentile by Number Answered
Your Score History
You have not taken this quiz since the last reset